Beton v příkladech /

Enregistré dans:
Détails bibliographiques
Auteurs principaux: Draxler, František (Auteur), Drda, Miloslav (Auteur)
Format: Livre
Langue:tchèque
Publié: Praha: SNTL, 1972
Édition:1. vyd.
Tags: Ajouter un tag
Pas de tags, Soyez le premier à ajouter un tag!

MARC

LEADER 00000nam a22000003a 4500
001 0072974
003 SK-STU
005 20190503112701.2
007 ta
008 190503s ----xo-----e------000-0-----d
040 |a STU  |b slo 
041 0 |a cze  |h cze 
044 |a xr 
100 1 |a Draxler, František  |4 aut 
245 1 0 |a Beton v příkladech /  |c aut. František Draxler, Miloslav Drda 
250 |a 1. vyd. 
260 |a Praha:  |b SNTL,  |c 1972 
300 |a 613 s. 
700 1 |a Drda, Miloslav  |4 aut 
996 |b 284V041090  |c V* 52894/O-24051  |l VVT  |s A  |a 24  |w 0072974_0001